| 000 | 00562nam a22001817a 4500 | ||
|---|---|---|---|
| 005 | 20251108165333.0 | ||
| 008 | 250721s1980 xx 000 0 ara d | ||
| 082 | 1 | 4 | _a928.41/كلو |
| 100 | 1 | _aبيرش، لويس | |
| 245 | 1 | 0 | _aبول كلوديل / |
| 264 | 1 |
_aبيروت : _bالمؤسسة العربية للدراسات و النشر، _c1980. |
|
| 300 | _a291ص | ||
| 490 | 0 | _aسلسلة أعلام الفكر العالمي | |
| 650 | 1 | 7 | _aالأدب الفرنسي |
| 700 | 1 |
_aنمر، حسيب _eترجمة |
|
| 942 |
_2ddc _cBK |
||
| 999 |
_c25416 _d25416 |
||